000
00294nam a22001457a 4500
008
221118b ||||| |||| 00| 0 eng d
020
_a
0807101028
041
_a
eng
080
_a
30
082
_a
30
100
_a
31
101
_a
HIS
245
_a
PLATO
_c
ERIC VOEGELIN
942
_2
udc
_c
BK
999
_c
58952
_d
58952